Topology. (Record no. 161463)
[ view plain ]
| 000 -LEADER | |
|---|---|
| fixed length control field | 00430nam a2200193Ia 4500 |
| 003 - CONTROL NUMBER IDENTIFIER | |
| control field | OSt |
| 005 - DATE AND TIME OF LATEST TRANSACTION | |
| control field | 20230608111831.0 |
| 008 - FIXED-LENGTH DATA ELEMENTS--GENERAL INFORMATION | |
| fixed length control field | 210423s2013 xx 000 0 und d |
| 040 ## - CATALOGING SOURCE | |
| Transcribing agency | AL |
| 041 ## - LANGUAGE CODE | |
| Language code of text/sound track or separate title | eng |
| 082 ## - DEWEY DECIMAL CLASSIFICATION NUMBER | |
| Classification number | 514 MUNJ |
| 100 ## - MAIN ENTRY--PERSONAL NAME | |
| Personal name | MUNKRES (James R). |
| 9 (RLIN) | 122414 |
| 245 ## - TITLE STATEMENT | |
| Title | Topology. |
| 260 ## - PUBLICATION, DISTRIBUTION, ETC. | |
| Place of publication, distribution, etc. | New Delhi |
| Name of publisher, distributor, etc. | Academic Foundation |
| Date of publication, distribution, etc. | 2013 |
| 300 ## - PHYSICAL DESCRIPTION | |
| Other physical details | PB |
| 365 ## - TRADE PRICE | |
| Currency code | INR |
| 906 ## - LOCAL DATA ELEMENT F, LDF (RLIN) | |
| a | Topology. |
| 942 ## - ADDED ENTRY ELEMENTS (KOHA) | |
| Source of classification or shelving scheme | Dewey Decimal Classification |
| Koha item type | Book |
| Withdrawn status | Lost status | Damaged status | Not for loan | Collection code | Home library | Current library | Date acquired | Source of acquisition | Total Checkouts | Full call number | Barcode | Date last seen | Date last checked out | Price effective from | Koha item type | Date due |
|---|---|---|---|---|---|---|---|---|---|---|---|---|---|---|---|---|
| Mathematics | St Aloysius PG Library | St Aloysius PG Library | 08/26/2013 | Higginbothams Pvt Ltd | 2 | 514 MUNJ | PG007955 | 09/30/2022 | 09/17/2022 | 04/26/2021 | Book | |||||
| Mathematics | St Aloysius PG Library | St Aloysius PG Library | 08/26/2013 | Higginbothams Pvt Ltd | 1 | 514 MUNJ | PG007956 | 07/05/2025 | 07/03/2025 | 04/26/2021 | Book | |||||
| Mathematics | St Aloysius PG Library | St Aloysius PG Library | 08/26/2013 | Higginbothams Pvt Ltd | 514 MUNJ | PG007957 | 08/24/2022 | 04/26/2021 | Book | |||||||
| Mathematics | St Aloysius PG Library | St Aloysius PG Library | 08/26/2013 | Higginbothams Pvt Ltd | 3 | 514 MUNJ | PG007958 | 06/15/2026 | 06/15/2026 | 04/26/2021 | Book | 10/13/2026 | ||||
| Mathematics | St Aloysius PG Library | St Aloysius PG Library | 08/26/2013 | Higginbothams Pvt Ltd | 514 MUNJ | PG007959 | 08/24/2022 | 04/26/2021 | Book |